Exposicion de Don José de la Riva Agüero acerca de su conducta politica en el tiempo que ejerció la Presidencia de la Republica del Perú

Detalles Bibliográficos
Autor principal: Riva Agüero, José de la
Formato: Libro
Lenguaje:Undetermined
Spanish
Publicado: Londres : impreso por C. Wood, 1824.
Materias:
Colección:Banco de datos
Acervo:Biblioteca Palafoxiana. Colección bibliográfica
Descripción Física:IV, 282 p. ; 4°
Tema general:Historia civil
Notas:Número de localización: 25098
LEADER 00614nam a2200169Ia 4500
008 150723s9999 xx 000 0 und d
041 0 |a spa 
050 0 |a PAFX D20 R5 
100 1 |a Riva Agüero, José de la 
245 1 0 |a Exposicion de Don José de la Riva Agüero acerca de su conducta politica en el tiempo que ejerció la Presidencia de la Republica del Perú 
260 |a Londres : impreso por C. Wood, 1824. 
300 |a IV, 282 p. ; 4° 
500 |a Número de localización: 25098 
650 1 0 |a Historia civil 
942 |c PALALIB 
943 |g Biblioteca Palafoxiana. Colección bibliográfica 
999 |c 1051949  |d 1051949